01548 a2200193 45000010006000000050017000060080041000230030015000640400040000790800085001192450137002040200022003412640041003633000019004045050793004230410008012161000026012248560104012503247920260407155623.0260407a2014 arg spa dAR-UNSa-BCEJYS aAR-UNSa-BCEJYSbspacAR-UNSa-BCEJYS a342.4xConstituciones. Asambleas legislativas. Asambleas nacionales (Reforma...)10aLa reelección en las constituciones de SaltapLa tradición de 177 años sin reelección. El reeleccionismo. El futuro de Salta a978-987-698-068-5 1aSalta :bMundo Gráfico Saltac2014 a155 p.c22 cm. aIntroducción; 1° Parte: La tradición no reeleccionista; La constitución de 1821; La constitución de 1855; La constitución de 1875,1882,1888 y 1906; La constitución de 1929; La constitución de 1949; La constitución de 1986. -- 2° Parte: El Reeleccionismo; Planteo del Tema; La constitución Nacional y la reelección, Las constituciones prvinciales y la reelección; ¿Es posible declarar la necesidad de la reforma de la constitución a través de una consulta popular?; La reforma provincial del año 1998; La reforma provincial del 2003; ¿Como interpretar el artículo 140 de la constitución de la provincia luego de la reforma del año 2003?; El futuro de Salta: Mirar para otro lado o construir una democracia de calidad para el siglo XXI. Bibliografía. aspa1 aGómez Diez, Ricardo41uhttps://biblioeco.unsa.edu.ar/pmb/images/libros/reeleccion_gomez.jpgyImagen de portadaqimage/jpeg